| 000 | 00384nam a2200145Ia 4500 | ||
|---|---|---|---|
| 008 | 230312s9999||||xx |||||||||||||| ||und|| | ||
| 020 | _a81-203-4633-8 | ||
| 082 |
_a621.382 _bPRA-E |
||
| 100 | _aPramanik;Ashutosh | ||
| 245 | 0 | _aElectromagnetism:Problems with Solutions | |
| 260 |
_bPHI _aIndia _c2012 |
||
| 300 | _a906 | ||
| 650 |
_aEngineering _vElectrical Engineering |
||
| 942 | _cBK | ||
| 999 |
_c10451 _d10451 |
||